[Event "Verona Province-ch"]
[Site "Zevio Verona"]
[Date "2013.01.25"]
[Round "4"]
[White "Khachab, Ibrahim"]
[Black "Recchia, Mattia"]
[Result "1-0"]
[WhiteElo "1922"]
[BlackElo "1506"]
[PlyCount "53"]
[EventDate "2013.01.12"]
[EventType "swiss"]
[EventRounds "6"]
[EventCountry "ITA"]
[SourceTitle "EXT 2024"]
[Source "ChessBase"]
[SourceDate "2023.10.10"]
[SourceVersion "1"]
[SourceVersionDate "2023.10.10"]
[SourceQuality "1"]

1. e4 c5 2. Nf3 d6 3. d4 cxd4 4. Nxd4 Nf6 5. Nc3 a6 6. Be3 e5 7. Nb3 Be6 8. f3 h5 9. Qd2 Nbd7 10. 0-0-0 Rc8 11. Kb1 b5 12. Be2 Be7 13. h4 g6 14. Bg5 Bc4 15. Qe3 b4 16. Bxc4 Rxc4 17. Nd5 Nxd5 18. Rxd5 Bxg5 19. hxg5 Nc5 20. Qe2 Nxb3 21. Qxc4 Nd4 22. Qxb4 Ke7 23. Rxe5+ Ne6 24. Rd1 h4 25. Red5 Nc5 26. Rxc5 dxc5 27. Qxc5+ 1-0

[Event "Verona Province-ch"]
[Site "Zevio Verona"]
[Date "2013.01.20"]
[Round "5"]
[White "Oppici, Gabriele"]
[Black "Recchia, Mattia"]
[Result "1-0"]
[WhiteElo "1977"]
[BlackElo "1506"]
[PlyCount "35"]
[EventDate "2013.01.12"]
[EventType "swiss"]
[EventRounds "6"]
[EventCountry "ITA"]
[SourceTitle "EXT 2024"]
[Source "ChessBase"]
[SourceDate "2023.10.10"]
[SourceVersion "1"]
[SourceVersionDate "2023.10.10"]
[SourceQuality "1"]

1. d4 d5 2. Nf3 Nf6 3. Bf4 e6 4. e3 c6 5. c4 Nbd7 6. Nc3 dxc4 7. Bxc4 b5 8. Bd3 b4 9. Ne4 Nxe4 10. Bxe4 Bb7 11. Rc1 Rc8 12. Qa4 Qb6 13. 0-0 Nf6 14. Bd3 Be7 15. Ne5 a5 16. Nc4 Qb5 17. Qxb5 cxb5 18. Nxa5 1-0

[Event "Verona Province-ch"]
[Site "Zevio Verona"]
[Date "2013.01.20"]
[Round "6"]
[White "Recchia, Mattia"]
[Black "Fratton, Zeno"]
[Result "0-1"]
[WhiteElo "1506"]
[BlackElo "1819"]
[PlyCount "96"]
[EventDate "2013.01.12"]
[EventType "swiss"]
[EventRounds "6"]
[EventCountry "ITA"]
[SourceTitle "EXT 2024"]
[Source "ChessBase"]
[SourceDate "2023.10.10"]
[SourceVersion "1"]
[SourceVersionDate "2023.10.10"]
[SourceQuality "1"]

1. e4 c5 2. Nf3 e6 3. d4 cxd4 4. Nxd4 Nf6 5. Nc3 Nc6 6. Be3 Bb4 7. f3 d5 8. Nxc6 bxc6 9. e5 Nd7 10. f4 0-0 11. Bd3 c5 12. Bd2 c4 13. Be2 f6 14. Bg4 Qb6 15. Qe2 fxe5 16. fxe5 d4 17. Na4 Bxd2+ 18. Qxd2 Qc6 19. Bf3 Rxf3 20. gxf3 Nxe5 21. Rf1 Nxf3+ 22. Rxf3 Qxf3 23. Qxd4 Qh1+ 24. Kd2 Qxh2+ 25. Kc3 Qg3+ 26. Kd2 Qg5+ 27. Qe3 Qxe3+ 28. Kxe3 Bb7 29. Nc5 Bd5 30. Rf1 Rf8 31. Rd1 Rf3+ 32. Kd4 Rf2 33. Kc3 h5 34. Na6 h4 35. Nc7 Rf5 36. Nxd5 exd5 37. Rh1 Rh5 38. Kd4 h3 39. b3 cxb3 40. axb3 h2 41. c4 dxc4 42. bxc4 Kf7 43. Ke4 Ke6 44. c5 Kd7 45. Kd4 Kc6 46. Ke3 a5 47. Kf4 a4 48. Kg4 g6 0-1